[Event "45th Olympiad 2024"]
[Site "Budapest HUN"]
[Date "2024.09.11"]
[Round "1.8"]
[Board "3"]
[White "Andriamasoandro, Miora"]
[Black "Donchenko, Alexander"]
[Result "0-1"]
[WhiteElo "2116"]
[BlackElo "2638"]
[PlyCount "68"]
[EventDate "2024.09.11"]
[WhiteTeam "Madagascar"]
[BlackTeam "Germany"]
[WhiteTeamCountry "MAD"]
[BlackTeamCountry "GER"]

1. d4 {Sumets,Andrey} Nf6 2. c4 e6 3. Nf3 d5 4. g3 dxc4 5. Bg2 a6 6. O-O Nc6 7. e3 Bd7 8. Ne5 ({RR} 8. Qe2 Bd6 ({RR} 8... b5) 9. Qxc4 O-O 10. Rd1 ({RR} 10. Nc3 b5 11. Qb3 ({RR} 11. Qe2 b4 12. Nb1 ({RR} 12. Na4 Ne7 ({RR} 12... e5 13. dxe5 Nxe5 14. Nxe5 Bxe5 15. Rd1 ({RR} 15. Bxa8 Qxa8 16. f4 Bb5 ({RR} 16... Bd6 17. b3 Bb5 18. Qf3 Bxf1 19. Qxa8 Rxa8 20. Kxf1 Ne4) 17. Qf3 Bc6 18. Qe2 Bd6 19. b3 Qe8 20. Bb2 Bb5 21. Qd2 Bxf1 22. Rxf1 Ne4 23. Qd4 f6) 15... Qe8 16. Nc5 Bc6) 13. Qc2 Bc6 14. Nc5 Bxc5 15. Qxc5 Rb8) 12... Na5 ({RR} 12... Ne7 13. e4 Bb5 14. Qe1 Bxf1 15. Bxf1 Nd7 16. e5 a5 17. Nbd2 Nf5 18. exd6 cxd6 19. Nc4) 13. Rd1 Bb5 14. Qe1 ({RR} 14. Qc2 Rc8 15. e4 c5 16. d5 ({RR} 16. e5 cxd4 17. Qd2 Ne4 18. Qe1 Nxf2 19. Qxf2 Bc5 20. b3 Qb6 21. Kh1 d3 22. Qb2 Rfd8) 16... e5) 14... Qe8) 11... b4 12. Ne2 Na5 13. Qd1 Bb5 14. Re1 Rc8 15. b3 Qe7 16. Bb2 Rfd8 17. Qb1 Bc6 ({RR} 17... c5 18. dxc5 Bxc5 19. Ned4 ({RR} 19. Ng5 Bd3) 19... Bd7) 18. Ng5 Bxg2 19. Kxg2 h6 ({RR} 19... e5 20. Ne4 exd4 21. Nxf6+ Qxf6 22. exd4 ({RR} 22. Nxd4 Be5 23. Re2 c5 24. Nf3 Bc3 25. Bxc3 bxc3 26. Qc2 c4 27. Rc1 ({RR} 27. b4 Nc6 28. a3 Rd3) 27... cxb3 28. axb3 Qe6) ({RR} 22. Bxd4 Qe6 23. Qb2 f6 24. Qc2 c5 25. Bb2 c4) 22... Re8 23. Qd3 Qg5 24. Rac1 Qd5+ 25. Qf3 Qxf3+ 26. Kxf3 f6) 20. Ne4 Nd5 ({RR} 20... Nxe4 21. Qxe4 c5 22. dxc5 Bxc5 23. Red1 Nb7) 21. Qd3 Ra8 22. Rac1) 10... Rb8 ({RR} 10... Qe7 11. Qe2 e5 ({RR} 11... Rad8 12. e4 ({RR} 12. Nc3 e5) 12... e5 13. d5 Nd4 14. Nxd4 exd4 15. Bg5 ({RR} 15. Rxd4 Bc5 16. Rd2 Ng4) 15... h6 16. Bxf6 Qxf6 17. Nd2 Rfe8) 12. dxe5 Nxe5 ({RR} 12... Bxe5 13. Nxe5 ({RR} 13. Nc3 Bd6 14. e4 Rfe8) 13... Nxe5 14. Nc3 ({RR} 14. Bxb7 Bg4 15. f3 Rab8 16. fxg4 Rxb7) 14... Rad8 15. e4 Bg4 16. f3 Be6) 13. Nxe5 Bxe5 14. Bxb7 Rad8 ({RR} 14... Bb5 15. Qc2 Rad8 16. Nc3 Rxd1+ 17. Qxd1 Rd8 18. Qc2 Bd3 19. Qb3 Qd7 ({RR} 19... c5 20. Nd5 Nxd5 21. Bxd5) 20. Bg2 c5 21. Bd2 Rb8 22. Qa3 c4) 15. Na3 c6 ({RR} 15... Bg4 16. Bf3 ({RR} 16. f3 Rxd1+ 17. Qxd1 Rb8 18. fxg4 Rxb7 19. g5 Nd7) 16... Rxd1+ 17. Qxd1 Rd8 18. Qe2 Bxf3 19. Qxf3 Qe6) 16. Nc4 Bg4 17. f3 Rxd1+ 18. Qxd1 Rd8 19. Qe2 Bh3 20. Bxa6 Nh5 21. Nxe5 Qxe5 22. Kf2 Nf6 23. Bd2 ({RR} 23. e4 Rb8 24. Rb1) 23... Qxb2) 11. Nbd2 ({RR} 11. Nc3 e5 12. d5 ({RR} 12. dxe5 Nxe5 13. Nxe5 Bxe5 14. e4 Qe7 15. Bg5 Be6 16. Qe2 h6) 12... Ne7 13. e4 b5 14. Qe2 h6 15. b3 b4 16. Nb1 Bb5 17. Qe1 c6 ({RR} 17... a5 18. a4 Ba6 19. Bb2) 18. dxc6 Qc7 19. Bb2 ({RR} 19. a4 bxa3 20. Nxa3 Bxc6 21. Nc4 Bb4 22. Bd2 Bxd2 23. Nfxd2 Bb5) 19... Nxc6 20. Nbd2 Bc5 21. h3 Rfd8 22. Rac1 Qe7 23. Bf1 Nd4 24. Nh4 g6 25. Bxb5 Rxb5) ({RR} 11. b3 e5 ({RR} 11... b5 12. Qc2 e5 13. Bb2 ({RR} 13. dxe5 Nxe5 14. Bb2 Qe7 15. Nbd2 Rfe8 16. Nxe5 Bxe5 17. Bxe5 Qxe5 18. Rac1) 13... Qe7 14. Nbd2 ({RR} 14. dxe5) 14... Rfc8 15. a3 h6 16. Nh4 Nd8 17. Nf5 Bxf5 18. Qxf5 exd4 19. Bxd4 c5 20. Rac1 ({RR} 20. Bxf6 Qxf6 21. Qxf6 gxf6 22. Ne4 ({RR} 22. a4 Kg7 23. axb5 axb5 24. Bd5) 22... Be5 23. Rab1) 20... Qe6 21. Qxe6 Nxe6 22. Bxf6 gxf6 23. Ne4 Be7 24. Nd6 ({RR} 24. Rd7 Kf8 25. Ra7 c4 26. b4 Ra8 27. Rxa8 Rxa8 28. Nxf6 Rd8 29. Nd5) 24... Rd8 25. Nf5 Bf8 26. Bd5) 12. Bb2 Qe7 ({RR} 12... e4 13. Ne5 ({RR} 13. Nfd2 Re8 14. Nc3 Bf5 15. a3 Qd7) 13... Qe7 14. Nxd7 ({RR} 14. Nd2 Nxe5 15. dxe5 Bxe5 16. Bxe5 Qxe5 17. Nxe4 Nxe4 18. Qxe4 Qxe4 19. Bxe4 Rfd8) 14... Nxd7 15. Nd2 Nb6 16. Qe2) 13. dxe5 Nxe5 14. Nxe5 Bxe5 15. Bxe5 Qxe5 16. Nd2 ({RR} 16. Nc3 c6 17. Qd4 Qh5 18. Ne4 Nxe4 19. Qxd7 ({RR} 19. Bxe4 Be6 20. Rd2 g6 21. Rad1 Rfe8) 19... Nc3 20. Rd2 Qe5 21. Qd4 Qxd4 22. exd4) 16... Be6 17. Qc2 Bg4 18. Re1 Rfd8 19. h3 Be6 20. Nf3 Qa5 21. Nd4 Bd5 ({RR} 21... Bd7 22. Rac1 c6 23. Red1 h6) 22. e4 ({RR} 22. Red1 Bxg2 23. Kxg2 c6) 22... Bxe4 ({RR} 22... c5 23. Nf3 Be6 24. e5 Nd7 25. Ng5) 23. Rxe4 Nxe4 24. Qxe4 Qc3 25. Nc2 Rd2) 11... e5 ({RR} 11... Qe7 12. Qe2 e5 13. dxe5 Nxe5 14. Nxe5 Bxe5 15. Nc4 Rfd8 16. Qc2 ({RR} 16. Nxe5 Qxe5 17. Qc2 Bf5) 16... Bb5 17. Rxd8+ Rxd8 18. Nxe5 Qxe5 19. Bd2 Bd3 20. Qb3 Ne4) 12. dxe5 Bxe5 ({RR} 12... Nxe5 13. Nxe5 Bxe5 14. Nf3 Bd6 15. e4 Bb5 ({RR} 15... Ng4 16. h3 Ne5 17. Nxe5 Bxe5 18. f4 Bd6 19. Be3 Qc8 20. g4 Be6 21. Qc3) ({RR} 15... Qe8 16. Re1 ({RR} 16. e5 Bxe5 17. Nxe5 ({RR} 17. Re1 Be6) 17... Qxe5 18. Bf4 Qxb2 19. Qxc7 Be6 20. Qe5 Qxe5 21. Bxe5 Rbd8 22. Bxb7 Rxd1+ 23. Rxd1 Bxa2) 16... Be6 17. Qc2 Nd7 18. e5 Be7 19. Nd4) 16. Qc2 Qe7 17. e5 Bxe5 18. Re1 Nd7 19. Nxe5 Nxe5 20. Bf4 f6 21. Rac1 Rfc8 ({RR} 21... c6 22. Bxe5 fxe5 23. a4) 22. Qc3 Kh8 23. Bxe5 fxe5 24. Rxe5) 13. Qe2 ({RR} 13. Ne4 Nxe4 14. Nxe5 Nxe5 15. Qxe4 Re8 16. b3 Qf6 17. Bb2 Nf3+ 18. Bxf3 Qxb2 19. Qd4 Qxd4 20. Rxd4 Be6) 13... Qe7 14. Nc4 Rfd8 15. Bd2 ({RR} 15. Qc2 Bg4 16. Rxd8+ Rxd8 17. Bd2 Nd7 18. Nfxe5 Ndxe5 19. Nxe5 Qxe5 20. Bc3) 15... Bd4 16. Rac1 ({RR} 16. Nxd4 Nxd4 17. Qf1 Nc6 18. Be1) 16... Bf5 17. Qe1 Bc5 18. a3 b5 ({RR} 18... Ne4 19. Bc3 Rxd1 20. Rxd1 Rd8) ({RR} 18... Be4 19. Bc3 Ba7 ({RR} 19... h6 20. Ncd2 Bh7 21. Bxf6) 20. b4 h6 21. Bb2 Qe6) 19. Na5 Nxa5 20. Bxa5 Be4 21. Qc3 ({RR} 21. Rxd8+ Rxd8 22. Qc3 Bd6 23. Nd4 Nd5 24. Qc6 Bxg2 25. Kxg2 Be5 26. Rd1) ({RR} 21. Nd4 Bxg2 ({RR} 21... Bxd4 22. exd4 Rd7 23. f3 Bd5 24. Qxe7 Rxe7 25. Rxc7) 22. Kxg2 Rbc8 23. Bb4 Bxb4 24. axb4) 21... Rxd1+ 22. Rxd1 Re8 {½-½ Gelfand,B (2751)-Wang,H (2737) Tashkent FIDE GP 2nd 2012 (10)}) 8... Nxe5 ({RR} 8... Be7 9. Nxc6 Bxc6 10. Bxc6+ bxc6 11. Qa4 Qd7 12. Qxc4 Qd5 13. Qc2 O-O 14. Rd1 Rad8 15. Nc3 Qh5 16. Qe2 Qxe2 17. Nxe2 c5 18. Bd2 Rd7 19. Ba5 Rb8 20. b3 Rb5 21. Be1 cxd4 22. Rxd4 Rbd5 23. Kg2 {1-0 Szuba,J (1709)-Cantarino Neto,M (1944) 10th Floripa Open 2024 (10.74)}) 9. dxe5 Nd5 10. a3 $146 ({RR} 10. Nc3 Nxc3 11. bxc3 c6 12. a4 Qc7 13. Qd4 Rd8 14. f4 Be7 15. a5 c5 16. Qe4 Bc6 17. Qc2 Rd3 18. Rd1 Bxg2 19. Kxg2 Qd7 20. Rxd3 cxd3 21. Qa4 c4 22. Kf3 Qb5 23. Bd2 Kd7 24. Qa2 f5 {0-1 Voiteanu,C (2250)-Vioreanu,B (2408) ROM-chT Mamaia 2013 (4.5)}) ({RR} 10. a4 Bc6 11. Qg4 Nb4 12. Rd1 Qe7 13. Qxc4 Qc5 14. Qxc5 Bxc5 15. Nc3 O-O 16. Bxc6 Nxc6 17. Ne4 Bb6 18. f4 Rad8 19. Bd2 Rd3 20. Kf2 Rfd8 21. Ke2 a5 22. Nf2 R3d5 23. Bc3 Ne7 24. Rxd5 Rxd5 {½-½ Mlynek,P (2190)-Vyskocil,N (2305) Brno Trade op 2004 (4)}) 10... b5 11. Nd2 Be7 12. Ne4 Bc6 13. Qg4 O-O 14. Rd1 Qc8 15. Rd4 Bb7 16. Qh5 f6 17. exf6 Nxf6 18. Qe5 c5 19. Bh3 Kh8 20. Bxe6 Qc6 21. Rd2 Qxe4 22. Qxe4 Bxe4 23. Rd1 Rad8 24. Re1 Bf3 25. e4 Nxe4 26. Be3 Ng5 27. Bf4 Nxe6 28. Rxe6 Bf6 29. Rb1 a5 30. Re3 Rd1+ 31. Rxd1 Bxd1 32. Bd6 Rc8 33. Re1 Bh5 34. h3 Bxb2 0-1

[Event "45th Olympiad 2024"]
[Site "Budapest HUN"]
[Date "2024.09.11"]
[Round "1.8"]
[Board "4"]
[White "Svane, Frederik"]
[Black "Rakotomaharavo, Dylan"]
[Result "1-0"]
[WhiteElo "2640"]
[BlackElo "2078"]
[PlyCount "169"]
[EventDate "2024.09.11"]
[WhiteTeam "Germany"]
[BlackTeam "Madagascar"]
[WhiteTeamCountry "GER"]
[BlackTeamCountry "MAD"]

1. e4 c5 2. Nf3 e6 3. d4 cxd4 4. Nxd4 Nf6 5. Nc3 Nc6 6. a3 Be7 7. Nxc6 dxc6 ({RR} 7... bxc6 8. e5 Nd5 9. Qg4 Kf8 10. Bd2 h5 11. Qe4 Rb8 12. b3 f5 13. exf6 Bxf6 14. Qf3 Kg8 15. Rd1 Nxc3 16. Bxc3 d5 17. Be2 e5 18. Qe3 Qb6 19. Qd2 Bf5 20. O-O h4 21. h3 Kh7 22. Rfe1 {½-½ Caruana,F (2820)-Rapport,R (2763) Paris GCT Blitz 2021 (3)}) ({RR} 7... bxc6 8. e5 Nd5 9. Qg4 g6 10. Qg3 Qa5 11. Bd2 Bb4 12. Ne4 Bxd2+ 13. Nxd2 Rb8 14. c3 Ba6 15. b4 Qa4 16. Bd3 Bxd3 17. Qxd3 Qb5 18. c4 Nxb4 19. axb4 Qxe5+ 20. Qe4 {0-1 Goetten Wagner,J (1658)-Altenhofen,G (1425) 10th Floripa Open 2024 (8.147)}) 8. Qxd8+ Bxd8 9. Bf4 $146 ({RR} 9. e5 Ng4 10. f4 Bb6 11. Ne4 f5 12. exf6 Nxf6 13. Nxf6+ gxf6 14. Bd2 Bd7 15. O-O-O O-O-O 16. Be2 h5 17. Rhf1 h4 18. Bc3 Rh6 19. Kb1 Bc7 20. Bd2 Rg6 21. Bf3 e5 22. fxe5 Bxe5 23. h3 Be6 {1-0 Melia,S (2384)-Zaksaite,S (2212) Olympiad Women-44 2022 (2.3)}) ({RR} 9. e5 Nd7 10. f4 f6 11. exf6 Nxf6 12. Bd2 O-O 13. O-O-O Nd5 14. g3 h6 15. Re1 Bc7 16. Bg2 Bd7 17. Re2 Rae8 18. Rhe1 Kf7 19. Nd1 e5 20. Bxd5+ cxd5 21. Bb4 Bg4 22. Rf2 exf4 23. Ne3 Kg8 {½-½ Kaidanov,G (2563)-Dlugy,M (2524) ch-USA Seniors 2023 (9.3)}) 9... Nd7 10. Bd6 e5 11. Bc4 Be7 12. O-O-O Bxd6 13. Rxd6 Ke7 14. Rhd1 Nb6 15. Ba2 Bg4 16. f3 Be6 17. Bxe6 fxe6 18. R6d3 Rad8 19. a4 Rxd3 20. Rxd3 Rd8 21. Rxd8 Kxd8 22. b3 Nd7 23. Kd2 Ke7 24. Nd1 Kd6 25. Kc3 b6 26. Nb2 a6 27. h4 Kc7 28. Nd3 Kd6 29. Kc4 Kc7 30. b4 Kd6 31. Kb3 Kc7 32. Kc3 Kd6 33. Kb3 Kc7 34. Nb2 Kd6 35. a5 b5 36. c4 Kc7 37. Nd3 Kd6 38. Kc3 Kc7 39. Kb3 Kd6 40. Kc3 Kc7 41. c5 Kd8 42. Kd2 Ke7 43. Ke3 Kf6 44. Kf2 h6 45. Kg3 g5 46. Nf2 Kg6 47. Ng4 Kh5 48. hxg5 hxg5 49. Kf2 Kg6 50. Ke3 Kh5 51. g3 Kg6 52. f4 exf4+ 53. gxf4 e5 54. fxg5 Kxg5 55. Kf3 Kg6 56. Kg2 Kh5 57. Kh3 Kg5 58. Kg3 Kh5 59. Ne3 Kg5 60. Nf5 Kh5 61. Nd6 Kg5 62. Ne8 Kh5 63. Kf3 Kg5 64. Nc7 Nb8 65. Kg3 Kh5 66. Kf2 Kg4 67. Ke3 Kg5 68. Kf3 Kh5 69. Ne6 Kh4 70. Nf8 Kh5 71. Ne6 Kh4 72. Nd8 Kh5 73. Nf7 Nd7 74. Kg3 Kg6 75. Nd8 Nb8 76. Kh4 Kf6 77. Kg4 Kg6 78. Nb7 Nd7 79. Nd6 Nf6+ 80. Kf3 Nd7 81. Nxb5 Kf6 82. Nd6 Ke6 83. Ne8 Ke7 84. Nc7 Nb8 85. Kg4 1-0

[Event "45th Olympiad 2024"]
[Site "Budapest HUN"]
[Date "2024.09.11"]
[Round "1.9"]
[Board "2"]
[White "Song, Raymond"]
[Black "Howell, David W L"]
[Result "1/2-1/2"]
[WhiteElo "2503"]
[BlackElo "2677"]
[PlyCount "65"]
[EventDate "2024.09.11"]
[WhiteTeam "Chinese Taipei"]
[BlackTeam "England"]
[BlackTeamCountry "ENG"]

1. e4 c6 2. d4 d5 3. Nd2 dxe4 4. Nxe4 Bf5 5. Ng3 Bg6 6. h4 h6 7. Nf3 e6 8. Ne5 Bh7 9. Bd3 Bxd3 10. Qxd3 Nd7 11. Qe2 Ngf6 12. O-O ({RR} 12. Bd2 c5 13. Nxd7 Qxd7 14. dxc5 Bxc5 15. O-O-O Qa4 16. Bc3 O-O 17. Bxf6 Qf4+ 18. Kb1 Qxf6 19. Nh5 Qe7 20. Qe5 f6 21. Qe2 Rfd8 22. Nf4 e5 23. Ng6 Qf7 24. h5 Rd5 25. Rxd5 Qxd5 26. Rd1 Qe6 {1-0 Nepomniachtchi,I (2782)-Socko,B (2642) Wch Rapid Warsaw 2021 (2)}) 12... Be7 13. Rd1 Qc7 $146 ({RR} 13... O-O 14. c4 Re8 15. Bf4 Bf8 16. Rd3 Qe7 17. Rb3 Nb6 18. a4 Nc8 19. Nh5 Nd6 20. Rd1 Nxh5 21. Qxh5 Rad8 22. g3 g6 23. Qe2 Bg7 24. Rbd3 Nf5 25. Qe4 Nd6 26. Qe2 Nf5 27. Qd2 Kh7 28. Qa5 {½-½ Rorrer,G (2388)-Novik,M (2408) NY GMA President's Day 2024 (9.2)}) ({RR} 13... O-O 14. c4 Qa5 15. Bf4 Rad8 16. Rd3 Nxe5 17. dxe5 Nh7 18. Ne4 Rxd3 19. Qxd3 Bxh4 20. Nd6 Qb6 21. Qe2 Rd8 22. Be3 Qc7 23. Qh5 Bg5 24. f4 g6 25. Qf3 Be7 26. c5 b6 27. b4 bxc5 28. bxc5 {½-½ Lei,T (2554)-Ju,W (2564) WCh Women 2023 (7.1)}) 14. Nxd7 Qxd7 15. c4 O-O 16. Bf4 Bd6 17. Be5 Qe7 18. Rd3 Rfd8 19. Rad1 Rd7 20. h5 Rad8 21. b3 Bxe5 22. dxe5 Rxd3 23. Rxd3 Rxd3 24. Qxd3 Ng4 25. Qd4 Qg5 26. Qxa7 Qxe5 27. Nf1 Qb2 28. Qb8+ Kh7 29. Qf4 f5 30. Qd2 Qa1 31. g3 Nf6 32. Qe2 Ne4 33. Kg2 1/2-1/2

[Event "45th Olympiad 2024"]
[Site "Budapest HUN"]
[Date "2024.09.11"]
[Round "1.10"]
[Board "1"]
[White "Maghsoodloo, Parham"]
[Black "Tan, Jun Ying"]
[Result "1-0"]
[WhiteElo "2723"]
[BlackElo "2322"]
[PlyCount "79"]
[EventDate "2024.09.11"]
[WhiteTeam "Iran"]
[BlackTeam "Malaysia"]
[WhiteTeamCountry "IRI"]
[BlackTeamCountry "MAS"]

1. Nf3 d5 2. g3 Nd7 3. d4 Nb6 4. Nc3 Nf6 5. Bg2 g6 6. a4 a5 7. b3 Bg7 8. Ba3 O-O 9. O-O c6 $146 ({RR} 9... Re8 10. e3 c6 11. Qe2 Bg4 12. Qd3 Bf5 13. Qe2 Bg4 14. Qd3 Bf5 15. Qd2 Ne4 16. Nxe4 Bxe4 17. Rad1 h6 18. Qc1 Rc8 19. Rfe1 e6 20. Bb2 Qf6 21. Ne5 Bxg2 22. Kxg2 Qe7 23. Nd3 Nd7 24. c4 {1-0 Svane,R (2635)-Ward,N (2211) Titled Tue 28th May Late 2024 (5)}) ({RR} 9... Re8 10. e3 c6 11. Ne5 h5 12. Qe2 Bf5 13. h3 Qc8 14. Kh2 Nbd7 15. f4 c5 16. Nxd5 Nxe5 17. fxe5 Nxd5 18. Bxd5 cxd4 19. exd4 e6 20. Bc4 Rd8 21. Rad1 Qc6 22. Bd6 Rac8 23. c3 Be4 24. Qf2 {1-0 Kobo,O (2554)-Svane,F (2568) Titled Tue 29th Nov Late 2022 (5)}) 10. h3 Re8 11. e3 Bf5 12. Rc1 Ne4 13. Ne2 Nd6 14. Nd2 Ne4 15. Nxe4 Bxe4 16. f3 Bf5 17. e4 Be6 18. Qd3 Bh6 19. Rcd1 f6 20. g4 Qd7 21. Qc3 Bf7 22. e5 f5 23. Qe1 e6 24. h4 Bf8 25. Bc1 Qd8 26. h5 Bg7 27. Qg3 fxg4 28. fxg4 gxh5 29. Rxf7 Kxf7 30. Rf1+ Kg8 31. gxh5 Kh8 32. Bg5 Qc7 33. h6 Bxh6 34. Bxh6 Rg8 35. Bg5 Raf8 36. Rxf8 Rxf8 37. Nf4 Qg7 38. Nxe6 Qg6 39. Nxf8 Qxc2 40. Bf6# 1-0

[Event "45th Olympiad 2024"]
[Site "Budapest HUN"]
[Date "2024.09.11"]
[Round "1.10"]
[Board "2"]
[White "Wong, Jianwen"]
[Black "Daneshvar, Bardiya"]
[Result "0-1"]
[WhiteElo "2231"]
[BlackElo "2598"]
[PlyCount "78"]
[EventDate "2024.09.11"]
[WhiteTeam "Malaysia"]
[BlackTeam "Iran"]
[WhiteTeamCountry "MAS"]
[BlackTeamCountry "IRI"]

1. c4 g6 2. g3 Bg7 3. Bg2 e6 4. Nf3 d5 5. O-O Ne7 6. d4 O-O 7. h4 $146 ({RR} 7. Nc3 c6 8. Qd3 Nf5 9. Rd1 Nd7 10. Bf4 b6 11. e4 dxe4 12. Nxe4 a5 13. Nd6 Nxd6 14. Bxd6 Re8 15. Ne5 Nxe5 16. dxe5 Bb7 17. Qe3 Ra6 18. c5 b5 19. Bf8 Bxf8 20. Rxd8 Rxd8 21. h4 Raa8 {½-½ Schmitzer,H-Ungnad,R GER-ch51 (FRG-09) 1970 (7)}) ({RR} 7. Nc3 Nd7 8. e4 dxc4 9. Qe2 c5 10. dxc5 Nxc5 11. Qxc4 b6 12. Rd1 Ba6 13. Rxd8 Bxc4 14. Rxa8 Rxa8 15. Bg5 Nc6 16. Nd2 Ba6 17. e5 Rc8 18. f4 Nd4 19. Nde4 Ne2+ 20. Nxe2 Nxe4 21. Nd4 Nxg5 {0-1 Andreikin,D (2713)-Rakhmanov,A (2602) Wch Blitz 7th 2013 (4)}) ({RR} 7. Nc3 Nd7 8. cxd5 exd5 9. Bf4 c6 10. b4 a6 11. a4 Nf5 12. e3 Re8 13. b5 a5 14. Rb1 Nf8 15. g4 Nd6 16. Ne5 f6 17. Nxc6 bxc6 18. bxc6 Ne4 19. Nxe4 dxe4 20. Rb8 Ra7 21. d5 f5 {1-0 Gorshtein,I (2447)-Manor,I (2459) ISR-chT Israel 2022 (9.2)}) ({RR} 7. Nbd2 Nf5 8. e3 a5 9. b3 b6 10. Ba3 Re8 11. Rc1 c6 12. Qc2 b5 13. Rfd1 b4 14. Bb2 Ne7 15. e4 Nd7 16. a3 Bb7 17. Ra1 Qb6 18. Ne5 Nxe5 19. dxe5 bxa3 20. Rxa3 Red8 21. Raa1 Rd7 {½-½ Pribyl,J (2485)-Nei,I Keres Memorial-01 1977 (14)}) 7... h6 8. Bf4 Nbc6 9. Qc1 Nf5 10. Nc3 dxc4 11. Rd1 Qe7 12. e4 Nfxd4 13. Nxd4 Nxd4 14. e5 c5 15. Re1 Kh7 16. Ne4 Bd7 17. Nd6 b5 18. b3 Bc6 19. Bxc6 Nxc6 20. Nxb5 cxb3 21. axb3 a6 22. Nd6 Nd4 23. Qd1 f6 24. exf6 Rxf6 25. Ne4 Rxf4 26. gxf4 Qxh4 27. Rc1 Qxf4 28. Re3 Be5 29. Ng3 Rf8 30. Qe1 Bg7 31. Kg2 Qg5 32. Qh1 Qd5+ 33. Ne4 Nxb3 34. Rxb3 Qxb3 35. Rxc5 Qf3+ 36. Kg1 Qg4+ 37. Qg2 Rf4 38. Qxg4 Rxg4+ 39. Ng3 Rxg3+ 0-1

[Event "45th Olympiad 2024"]
[Site "Budapest HUN"]
[Date "2024.09.11"]
[Round "1.10"]
[Board "3"]
[White "Idani, Pouya"]
[Black "Ang, Ern Jie Anderson"]
[Result "1-0"]
[WhiteElo "2599"]
[BlackElo "2132"]
[PlyCount "75"]
[EventDate "2024.09.11"]
[WhiteTeam "Iran"]
[BlackTeam "Malaysia"]
[WhiteTeamCountry "IRI"]
[BlackTeamCountry "MAS"]

1. e4 e5 2. Nf3 Nc6 3. Bb5 a6 4. Ba4 Nf6 5. d3 b5 6. Bb3 Be7 7. a4 b4 8. a5 d6 9. O-O O-O 10. Nbd2 Rb8 11. Nc4 Be6 12. h3 h6 ({RR} 12... Re8 13. Ng5 Nd4 14. Nxe6 Nxe6 15. Be3 c5 16. Nb6 Rf8 17. Bc4 Nc7 18. Qf3 Nd7 19. Nxd7 Qxd7 20. Qg3 Kh8 21. f4 exf4 22. Bxf4 Rbd8 23. Rf3 Bf6 24. e5 dxe5 25. Bxe5 Nd5 26. Bxa6 Bxe5 27. Qxe5 {1-0 Rodriguez Dominguez,M (2011)-Montejo Bello,L (1985) ch-CUB w 2024 (9.5)}) ({RR} 12... Nd7 13. Be3 Bf6 14. c3 Nc5 15. Bxc5 dxc5 16. Qc2 Qe7 17. Ncd2 Bxb3 18. Nxb3 Rfd8 19. Rfd1 Rb5 20. cxb4 Rdb8 21. Rdc1 Bg5 22. Nxg5 Qxg5 23. Nxc5 Nd4 24. Qd1 Qg6 25. Rc4 h5 26. Kh1 Rxb4 27. Nd7 {1-0 Flores Quillas,D (2451)-Ang,E (2132) 45th Olympiad 2024 (6.44)}) 13. Re1 ({RR} 13. Be3 Qc8 14. Qe2 Rd8 15. Rfd1 Bf8 16. Nfd2 d5 17. exd5 Bxd5 18. Ba4 Qe6 19. Re1 Ne7 20. Qf1 Ng6 21. f3 Nd7 22. c3 Nc5 23. Bc2 Qc6 24. Bf2 b3 25. Bb1 Re8 26. Ne3 Nf4 27. d4 exd4 {½-½ Morozevich,A (2719)-Saric,I (2666) Poikovsky Karpov 15th 2014 (5)}) 13... Qc8 14. Be3 Qb7 15. Nfd2 $146 ({RR} 15. Qe2 Nd7 16. Nh2 Bg5 17. Bxg5 Nd4 18. Qh5 hxg5 19. Qxg5 Nc5 20. Ng4 Bxg4 21. Qxg4 Ncxb3 22. cxb3 f5 23. Qd1 f4 24. Nd2 f3 25. Nxf3 Rxf3 26. gxf3 Rf8 27. f4 Rxf4 28. Re3 c5 29. Qh5 Qe7 {1-0 Naiditsch,A (2702)-Panchanathan,M (2481) Douglas IoM op 2017 (8)}) 15... d5 16. exd5 Bxd5 17. f3 Rfd8 18. Bf2 Bd6 19. Ne4 Nxe4 20. fxe4 Be6 21. Rf1 Be7 22. Qh5 Bf8 23. Be3 Re8 24. Rf3 g6 25. Qh4 Nd4 26. Bxd4 exd4 27. Raf1 c5 28. Qg3 Qe7 29. Nb6 Qg5 30. Bxe6 fxe6 31. Qxg5 hxg5 32. Nd7 Bd6 33. Nf6+ Kg7 34. Nxe8+ Rxe8 35. Rf7+ Kh6 36. Ra7 g4 37. Rxa6 Be5 38. Rc6 1-0

[Event "45th Olympiad 2024"]
[Site "Budapest HUN"]
[Date "2024.09.11"]
[Round "1.11"]
[Board "2"]
[White "Piorun, Kacper"]
[Black "Ahmed Hassan"]
[Result "1-0"]
[WhiteElo "2599"]
[BlackElo "2234"]
[PlyCount "97"]
[EventDate "2024.09.11"]
[WhiteTeam "Poland"]
[BlackTeam "Sudan"]
[WhiteTeamCountry "POL"]
[BlackTeamCountry "SUD"]

1. d4 g6 2. e4 Bg7 3. Nc3 c5 4. dxc5 Bxc3+ 5. bxc3 Qa5 6. Qd4 Nf6 7. Qb4 Qc7 8. Bd3 Nc6 ({RR} 8... Na6 9. Bxa6 bxa6 10. Ne2 Bb7 11. f3 O-O 12. Bf4 Qc8 13. O-O Re8 14. Bg5 Nh5 15. Qd4 Ng7 16. Be3 Ne6 17. Qb4 Qc7 18. Rab1 Rab8 19. Qc4 d6 20. Rb3 Rbc8 21. Rfb1 Ba8 22. Qxa6 Nxc5 23. Qc4 {0-1 Iskandarov,M (2535)-Piorun,K (2615) Titled Arena Mar 6th blitz 2021}) 9. Qa4 Qe5 ({RR} 9... Ne5 10. Qa3 b6 11. cxb6 Qxb6 12. Ne2 d6 13. O-O O-O 14. Bg5 Be6 15. Rab1 Qc7 16. Nd4 Bc4 17. Bxf6 exf6 18. Rfd1 d5 19. exd5 Bxd5 20. Ne2 Rfd8 21. Nf4 Ng4 22. g3 Bf3 23. Be2 Ne5 24. Rxd8+ {0-1 Vehi Bach,V (2183)-Lianes Garcia,M (2401) ch-ESP Rapid 2024 (5.12)}) 10. Ne2 Qxc5 11. O-O $146 ({RR} 11. Be3 Qa5 12. Qxa5 Nxa5 13. e5 Nd5 14. Bd4 Nc6 15. Be4 Nxd4 16. cxd4 Nc7 17. c4 d6 18. f4 O-O 19. Rb1 Rb8 20. d5 Bd7 21. O-O b5 22. Rfc1 Na6 23. cxb5 Nc5 24. Nc3 Nxe4 25. Nxe4 Bf5 {½-½ Widla,P (2012)-Walentukiewicz,M (2087) Krakow op-B 25th 2014 (8)}) ({RR} 11. Be3 Qa5 12. Qb3 d6 13. O-O Qc7 14. Nd4 Ng4 15. Bf4 a6 16. Nxc6 Qxc6 17. h3 Be6 18. Qb4 Ne5 19. Qd4 f6 20. Rab1 b5 21. a4 Nxd3 22. cxd3 O-O 23. axb5 axb5 24. Qb4 Rfb8 25. Be3 Rb7 {1-0 Mrudul,D (2098)-Falgun,D (1709) Mumbai Wealth op 3rd 2017 (4)}) 11... d6 12. c4 Bd7 13. Qb3 Na5 14. Qc3 Rc8 15. Be3 Qc7 16. Bg5 Qc5 17. Bxf6 exf6 18. Qxf6 Qe5 19. Qh4 Nxc4 20. f4 Qe7 21. Qf2 O-O 22. Qd4 d5 23. Nc3 Nb6 24. exd5 f5 25. Rab1 Qc5 26. Ne2 Qxd5 27. Qxd5+ Nxd5 28. Rxb7 Bc6 29. Rxa7 Ne3 30. Rb1 Bxg2 31. Nd4 Bd5 32. a4 Rfd8 33. Rb4 Ra8 34. Re7 Re8 35. Rxe8+ Rxe8 36. a5 Nd1 37. Ne2 Bf3 38. a6 Re7 39. Rb1 Ne3 40. Nd4 Bd5 41. Re1 Kf7 42. a7 Kf6 43. Ra1 Ba8 44. Bb5 Nd5 45. Bc6 Nc7 46. Rb1 Bxc6 47. Nxc6 Re6 48. Rb7 Rxc6 49. Rxc7 1-0

[Event "45th Olympiad 2024"]
[Site "Budapest HUN"]
[Date "2024.09.11"]
[Round "1.11"]
[Board "3"]
[White "Nader Obeid"]
[Black "Bartel, Mateusz"]
[Result "0-1"]
[WhiteElo "2083"]
[BlackElo "2618"]
[PlyCount "59"]
[EventDate "2024.09.11"]
[WhiteTeam "Sudan"]
[BlackTeam "Poland"]
[WhiteTeamCountry "SUD"]
[BlackTeamCountry "POL"]

1. d4 Nf6 2. Bf4 c6 3. c3 ({RR} 3. e3 Qb6 4. Qc1 Nh5 5. Bg3 Nxg3 6. hxg3 g6 7. Nf3 Bg7 8. c3 d6 9. Nbd2 Nd7 10. Qc2 Qc7 11. Be2 e5 12. dxe5 Nxe5 13. Nxe5 dxe5 14. e4 O-O 15. O-O h5 16. a4 Bh6 17. Bc4 Bg4 {1-0 Esipenko,A (2609)-Antipov,M (2593) RUS-ch blitz 2018 (7.4)}) 3... Qb6 4. Qc2 ({RR} 4. Qb3 d6 5. Nd2 Be6 6. Qc2 g6 7. Ngf3 Nh5 8. Bg5 h6 9. Bh4 g5 10. Bg3 f5 11. e3 Bg7 12. Bc4 Bxc4 13. Nxc4 Qa6 14. Qxf5 Qxc4 15. Nd2 Qd5 16. Qc8+ Kf7 17. Qxb7 Nd7 18. Qxd7 Nf6 {0-1 Tsige,A (2068)-Veleshnja,Z (2294) 45th Olympiad 2024 (3.44)}) 4... d6 5. Nd2 Nh5 $146 ({RR} 5... g6 6. Ngf3 Bg7 7. e4 O-O 8. Bd3 Bg4 9. h3 Bxf3 10. Nxf3 Nfd7 11. e5 dxe5 12. Nxe5 Nxe5 13. Bxe5 Bxe5 14. dxe5 e6 15. O-O-O Rd8 16. h4 Nd7 17. f4 Qe3+ 18. Qd2 Qxd2+ 19. Rxd2 Nc5 20. Rhd1 {½-½ Cirrincione,P (1805)-Berger,S (1951) Stein am Rhein op 2nd 2014 (4)}) 6. Nc4 Qc7 7. Bd2 b5 8. Na3 a6 9. e3 Nf6 10. c4 Qb7 11. c5 dxc5 12. dxc5 g6 13. Bd3 Bg7 14. Ba5 O-O 15. Nf3 Bg4 16. Ne5 Nbd7 17. Nxg4 Nxg4 18. Rc1 f5 19. h3 Ngf6 20. O-O Nd5 21. Nb1 e6 22. Nc3 Rf7 23. Be2 Bf8 24. e4 Nf4 25. exf5 exf5 26. Rfe1 Nxc5 27. Bf1 Nce6 28. Rcd1 c5 29. g3 Ng5 30. Re3 0-1